000 00600nam a2200229Ia 4500
003 OSt
005 20221007070159.0
006 a|||||r|||| 00| 0
007 ta
008 221006b |||||||| |||| 00| 0 eng d
024 _a20,797
037 _cTextual
040 _aFLL
_cFLL
_beng
041 _2eng
_aeng
082 _aY15:Z, P2
100 _aTewari O.P. Au.
_9683064
245 0 _aWomen rights in india
260 _aFaridabad
_bSri sai law publications India
_c2002
300 _a233p
_ccm.
942 _hY15:Z, P2
_cTEXL
_2CC
999 _c1139671
_d1139671